Využitie a ochrana vôd ČSSR : Z hľadiska poľnohospodárstva a lesného hospodárstva /

Saved in:
Bibliographic Details
Main Authors: Zachar, Dušan (Author), Jůva, Karel (Author)
Format: Book
Language:Multiple languages
Published: Praha : Academia, 1987
Tags: Add Tag
No Tags, Be the first to tag this record!

MARC

LEADER 00000nam a22000003a 4500
001 stu27024
005 20150617225740.3
008 930531s1987----xo------------------mul-d
040 |a STU  |b slo 
041 0 |a mul 
044 |a xo 
080 |a 614.77 
100 1 |a Zachar, Dušan  |4 aut 
245 1 |a Využitie a ochrana vôd ČSSR :  |b Z hľadiska poľnohospodárstva a lesného hospodárstva /  |c [aut]Zachar,Dušan;Jůva,Karel a kol 
260 |a Praha :  |b Academia,  |c 1987 
300 |a 567 s 
700 1 |a Jůva, Karel  |4 aut 
996 |c V*41423/O-17571  |l VV17  |s P  |a 0  |w stu27024_0001 
996 |c V*39256/O-16571  |l VV17  |s P  |a 0  |w stu27024_0002